Caricamento...

Readings in mathematical economics

Dettagli Bibliografici
Altri autori: Newman,Peter (Redattore)
Natura: Printed Book
Lingua:English
Pubblicazione: Baltimore The Johns Hopkins Press 1968
Soggetti:
LEADER 00521nam a22001577a 4500
005 20160820112607.0
008 091021t xxu||||| |||| 00| 0 eng d
082 |a 51:33  |b NEW 
100 |a Newman,Peter  |e Editor  |9 4892 
245 |a Readings in mathematical economics 
300 |a vii,532p. 
653 |a mathematical tools 
942 |c BK  |6 _ 
260 |a Baltimore  |b The Johns Hopkins Press  |c 1968 
999 |c 172583  |d 172583 
952 |0 0  |1 0  |2 ddc  |4 0  |6 5133_NEW  |7 0  |9 224031  |a DAE  |b DAE  |d 2009-10-21  |o 51:33 NEW  |p ECO01020  |r 2016-08-20  |w 2016-08-20  |y BK